000 00728nam a2200265Ia 4500
005 20260121165852.0
008 008 260114s9999 xx 000 0 eng d
020 _a9783319470337
037 _aEBOOK
040 _aCRL
040 _beng
040 _cCRL
041 _2eng
041 _aeng
084 _qCRL
100 _aCharles J. Golden, Lucas D. Driskell, Lisa K. Lashley
_91057024
245 4 _aThe Intercorrelation of Traumatic Brain Injury and PTSD in Neuropsychological Evaluations
260 _bSpringer
260 _bSpringer
260 _c2016
856 _uhttps://link.springer.com/openurl?genre=book&isbn=978-3-319-47033-7
942 _cEBOOK
999 _c1622752
_d1622752